[Event "Portugal Open 2018"]
[Site "Lisboa POR"]
[Date "2018.02.04"]
[Round "3.59"]
[White "Shamima, Akter Liza"]
[Black "Cohen, Lawrence"]
[Result "1-0"]
[WhiteElo "2160"]
[BlackElo "1866"]
[WhiteFideId "10202587"]
[BlackFideId "2026228"]
[WhiteTitle "WIM"]
[WhiteCountry "BAN"]
[BlackCountry "USA"]
[PlyCount "79"]
[EventDate "2018.??.??"]

1. d4 Nf6 2. c4 g6 3. Nc3 Bg7 4. e4 d6 5. Be2 O-O 6. Bg5 Nfd7 7. Qd2 Nc6 8. Nf3
f6 9. Be3 e5 10. d5 Ne7 11. g4 b6 12. h4 Nc5 13. Rg1 a5 14. Nh2 Bd7 15. Nf1 Rb8
16. Ng3 Na4 17. Nxa4 Bxa4 18. f3 Bd7 19. Rd1 f5 20. gxf5 gxf5 21. Nh5 Ng6 22.
Bg5 Qe8 23. Nxg7 Kxg7 24. h5 f4 25. hxg6 hxg6 26. Rh1 Rh8 27. Kf2 Qf7 28. Rdg1
b5 29. cxb5 Bxb5 30. Bxb5 Rxb5 31. Rxh8 Kxh8 32. Rh1+ Kg8 33. Ke1 Rc5 34. Qh2
Rc1+ 35. Kd2 Rxh1 36. Qxh1 c6 37. dxc6 Qxa2 38. Qc1 Qb3 39. Qc3 Qb6 40. c7 1-0

[Event "Portugal Open 2018"]
[Site "Lisboa POR"]
[Date "2018.02.04"]
[Round "3.60"]
[White "Dias, Ivo"]
[Black "Hapke, Ralf"]
[Result "1/2-1/2"]
[WhiteElo "2158"]
[BlackElo "1859"]
[WhiteFideId "1901680"]
[BlackFideId "4655630"]
[WhiteTitle "CM"]
[WhiteCountry "POR"]
[BlackCountry "GER"]
[PlyCount "58"]
[EventDate "2018.??.??"]

1. e4 d5 2. exd5 Nf6 3. d4 Bg4 4. Bb5+ Nbd7 5. f3 Bf5 6. Nc3 a6 7. Ba4 b5 8. Bb3
Nb6 9. Nge2 Nbxd5 10. Nxd5 Nxd5 11. Ng3 Bc8 12. Ne4 e6 13. Bg5 Be7 14. Bxe7 Qxe7
15. O-O Ne3 16. Qd3 Nxf1 17. Rxf1 O-O 18. c3 Bb7 19. Nc5 Bd5 20. Bc2 g6 21. b3
Rfd8 22. Qe3 Bc6 23. f4 Qe8 24. Qe5 Ra7 25. Be4 Bd5 26. Re1 Qf8 27. Bd3 Qg7 28.
Qg5 Rd6 29. a3 Rc6 1/2-1/2

[Event "Portugal Open 2018"]
[Site "Lisboa POR"]
[Date "2018.02.04"]
[Round "3.61"]
[White "Kunz, André"]
[Black "Machado, Tomás"]
[Result "1-0"]
[WhiteElo "2153"]
[BlackElo "1852"]
[WhiteFideId "24623652"]
[BlackFideId "1946838"]
[WhiteCountry "GER"]
[BlackCountry "POR"]
[PlyCount "49"]
[EventDate "2018.??.??"]

1. e4 e6 2. d3 d5 3. Qe2 Nf6 4. Nf3 c5 5. g3 b6 6. e5 Nfd7 7. Bg2 Nc6 8. c4 dxc4
9. dxc4 Bb7 10. O-O Qc7 11. Bf4 h6 12. h4 Be7 13. Nc3 Qd8 14. h5 g5 15. hxg6
fxg6 16. Qe4 Kf7 17. Rad1 g5 18. Bh3 gxf4 19. Bxe6+ Kxe6 20. Qg6+ Bf6 21. Rd6+
Ke7 22. Nd5+ Kf8 23. Nxf6 Ne7 24. Nxd7+ Qxd7 25. Rf6# 1-0

[Event "Portugal Open 2018"]
[Site "Lisboa POR"]
[Date "2018.02.04"]
[Round "3.62"]
[White "Ruiz Bellón, Manuel"]
[Black "Santos, José Alves"]
[Result "1-0"]
[WhiteElo "1886"]
[BlackElo "2150"]
[WhiteFideId "32011504"]
[BlackFideId "1900366"]
[BlackTitle "NM"]
[WhiteCountry "ESP"]
[BlackCountry "POR"]
[PlyCount "75"]
[EventDate "2018.??.??"]

1. Nf3 d5 2. g3 c5 3. Bg2 Nc6 4. c4 d4 5. d3 e5 6. e3 Bd6 7. exd4 cxd4 8. a3 Nf6
9. b4 O-O 10. O-O Re8 11. Re1 Bc7 12. Bg5 h6 13. Bxf6 Qxf6 14. Nbd2 a5 15. b5
Nb8 16. Nxd4 Rd8 17. Ne4 Qg6 18. Nc2 Nd7 19. Qe2 f5 20. Nc3 Nf6 21. Ne3 Bd6 22.
Ned5 Rb8 23. Nxf6+ Qxf6 24. Nd5 Qf8 25. a4 Be6 26. f4 Bc5+ 27. Kh1 Bd4 28. Rac1
Qa3 29. fxe5 Qxa4 30. Nf4 Bc8 31. Qh5 Qa3 32. Bd5+ Kh7 33. e6 Qe7 34. Qxf5+ Kg8
35. Qf7+ Qxf7 36. exf7+ Kh7 37. Re8 Bg4 38. f8=N+ 1-0

[Event "Portugal Open 2018"]
[Site "Lisboa POR"]
[Date "2018.02.04"]
[Round "3.63"]
[White "Skalli, Taoufik"]
[Black "Reis, Luís Sousa"]
[Result "0-1"]
[WhiteElo "1858"]
[BlackElo "2141"]
[WhiteFideId "9004980"]
[BlackFideId "1900609"]
[BlackTitle "NM"]
[WhiteCountry "MAR"]
[BlackCountry "POR"]
[PlyCount "170"]
[EventDate "2018.??.??"]

1. e4 Nc6 2. d4 d5 3. Nc3 e6 4. Nf3 Nf6 5. Bg5 Be7 6. e5 Ne4 7. Bxe7 Qxe7 8. a3
Nxc3 9. bxc3 Na5 10. Bd3 Bd7 11. O-O c5 12. Nd2 c4 13. Be2 Rc8 14. f4 Rc6 15.
Bf3 g6 16. Re1 Rb6 17. Nf1 Bc6 18. Ne3 h5 19. g3 Kd8 20. Rf1 Kc8 21. h4 Rd8 22.
Qd2 Rb2 23. Qc1 Rb6 24. Qd2 Rb5 25. Rfe1 Rb6 26. Kf2 Ba4 27. Kg1 Rb5 28. Kh2 Nc6
29. Kh3 Nb8 30. Qc1 Na6 31. Rb1 Rxb1 32. Qxb1 Qxa3 33. Nd1 Nc7 34. Bg2 Bc6 35.
Re3 Kd7 36. Nf2 Kc8 37. Qd1 a5 38. g4 hxg4+ 39. Nxg4 Qb2 40. Nh6 Be8 41. h5 a4
42. hxg6 fxg6 43. Kh4 a3 44. Bh3 a2 45. Re1 Qxc3 46. Qa1 Qxc2 47. Kg5 c3 48. Rc1
Qb2 49. Kf6 b5 50. Bxe6+ Kb8 51. Nf7 Bxf7 52. Bxf7 b4 53. Bxg6 b3 54. e6 Qxa1
55. Rxa1 b2 56. Rxa2 Rd6 57. Bd3 Rxe6+ 58. Kf7 Re3 59. Bc2 Re2 60. Bd3 Rd2 61.
Bg6 Rxd4 62. Ra3 Rxf4+ 63. Ke7 Rb4 64. Rxc3 b1=Q 65. Bxb1 Rxb1 66. Rd3 Kc8 67.
Kd6 Rb6+ 68. Kc5 Re6 69. Rh3 Re8 70. Rh6 Rd8 71. Kd4 Kb7 72. Rh7 Kc6 73. Rh6+
Rd6 74. Rh8 Rg6 75. Rh3 Rg4+ 76. Kd3 Kc5 77. Rh5 Rg3+ 78. Kd2 Kc4 79. Rh6 Nb5
80. Rh8 Rg2+ 81. Kc1 d4 82. Rb8 Kc3 83. Rc8+ Kd3 84. Rb8 Nc3 85. Rb7 Rc2# 0-1

[Event "Portugal Open 2018"]
[Site "Lisboa POR"]
[Date "2018.02.04"]
[Round "3.64"]
[White "Costa, João Guerra"]
[Black "Gorny, Michael"]
[Result "0-1"]
[WhiteElo "2130"]
[BlackElo "1836"]
[WhiteFideId "1901737"]
[BlackFideId "12953628"]
[WhiteCountry "POR"]
[BlackCountry "GER"]
[PlyCount "126"]
[EventDate "2018.??.??"]

1. e4 c5 2. Nf3 d6 3. d4 cxd4 4. Nxd4 Nf6 5. Nc3 a6 6. Be2 e6 7. O-O Be7 8. Be3
O-O 9. f4 Nc6 10. a4 Qc7 11. Nb3 b6 12. Bf3 Bb7 13. Qe2 Rfe8 14. Rad1 Rac8 15.
Qf2 Nd7 16. Rd2 Bf8 17. Rfd1 Rb8 18. g4 Bc8 19. g5 Na5 20. Nxa5 bxa5 21. Bd4 Rb4
22. b3 Rxd4 23. Qxd4 d5 24. Kg2 Bc5 25. Qd3 Qxf4 26. exd5 exd5 27. Nxd5 Qxg5+
28. Kh1 Ne5 29. Qe4 Bd7 30. Rg2 Qh6 31. Qe2 Ng6 32. Qc4 Bf8 33. Qf1 Bh3 34. Qf2
Bxg2+ 35. Qxg2 Nf4 36. Qf2 Nh3 37. Qg3 Bc5 38. Nf6+ Qxf6 39. Qxh3 g6 40. Qg2 Kg7
41. Bd5 Re7 42. Rf1 Qe5 43. Qf3 f5 44. Qg2 Qe2 45. Bc4 Qxg2+ 46. Kxg2 Rd7 47.
Re1 Rd2+ 48. Re2 Rxe2+ 49. Bxe2 g5 50. h3 Kg6 51. Kg3 Bd4 52. Bxa6 h5 53. Bb5
Be5+ 54. Kg2 g4 55. Bd7 Kg5 56. c4 f4 57. hxg4 hxg4 58. Bc6 Bd6 59. Bd5 Kf5 60.
Kf2 f3 61. Bc6 Kf4 62. Bd5 g3+ 63. Kg1 Bc5+ 0-1

[Event "Portugal Open 2018"]
[Site "Lisboa POR"]
[Date "2018.02.04"]
[Round "3.65"]
[White "Elias, Rúben"]
[Black "Dantas, Carlos"]
[Result "0-1"]
[WhiteElo "1836"]
[BlackElo "2129"]
[WhiteFideId "1906453"]
[BlackFideId "1900757"]
[BlackTitle "NM"]
[WhiteCountry "POR"]
[BlackCountry "POR"]
[PlyCount "100"]
[EventDate "2018.??.??"]

1. e4 d5 2. exd5 Qxd5 3. Nc3 Qd6 4. d4 Nf6 5. Bd3 a6 6. Nge2 e6 7. O-O Nc6 8.
Bf4 Qd8 9. Qd2 Nb4 10. Bc4 b5 11. Bb3 c5 12. dxc5 Qxd2 13. Bxd2 Bxc5 14. a4 O-O
15. axb5 Bb7 16. Na4 Bd6 17. Nb6 Rab8 18. Bxb4 Bxb4 19. bxa6 Bxg2 20. Kxg2 Rxb6
21. a7 Ra8 22. Ra4 Rb7 23. Rfa1 Bc5 24. Nc3 Rbxa7 25. Rxa7 Rxa7 26. Rxa7 Bxa7
27. Nb5 Bb6 28. f3 Kf8 29. Kf1 Be3 30. Bc4 Bf4 31. h3 Ke7 32. Ke2 Nd7 33. Bd3 h5
34. Be4 Kf6 35. c4 Kg5 36. b4 Kh4 37. c5 Kxh3 38. Kf2 Bd2 39. c6 Nb6 40. c7 Bxb4
41. Na7 Bc5+ 42. Kf1 Kg3 43. c8=Q Nxc8 44. Nxc8 h4 45. Bb7 h3 46. Bc6 f5 47. f4
Kxf4 48. Bd7 e5 49. Bc6 e4 50. Bb7 Kg3 0-1

[Event "Portugal Open 2018"]
[Site "Lisboa POR"]
[Date "2018.02.04"]
[Round "3.66"]
[White "Cuevas Fernandez, José Alberto"]
[Black "Cardoso, Miguel"]
[Result "1-0"]
[WhiteElo "2128"]
[BlackElo "1832"]
[WhiteFideId "2288150"]
[BlackFideId "1904280"]
[WhiteCountry "ESP"]
[BlackCountry "POR"]
[PlyCount "73"]
[EventDate "2018.??.??"]

1. Nf3 d5 2. d4 c6 3. g3 Nf6 4. Bg2 e6 5. O-O Be7 6. b3 O-O 7. Bb2 Nbd7 8. Nbd2
Qc7 9. c4 b6 10. Rc1 Bb7 11. cxd5 exd5 12. Nh4 Rac8 13. Nf5 Rfe8 14. Nxe7+ Rxe7
15. Re1 Qb8 16. b4 a5 17. bxa5 bxa5 18. Ba3 Ree8 19. Rb1 Qa7 20. Nb3 a4 21. Nc5
Nxc5 22. Bxc5 Qa8 23. Bh3 Rcd8 24. Bb6 Bc8 25. Bxd8 Bxh3 26. Bxf6 gxf6 27. Qd3
Qc8 28. Qf3 Qe6 29. Qf4 Kg7 30. Rbc1 Bg4 31. Rc3 Qd7 32. Re3 Rxe3 33. Qxe3 Bf5
34. Rc1 Qd6 35. Qf4 Qd7 36. Rc3 Bh3 37. g4 1-0

[Event "Portugal Open 2018"]
[Site "Lisboa POR"]
[Date "2018.02.04"]
[Round "3.67"]
[White "Barros, Luís"]
[Black "Gonzalez Pruneda, Arturo"]
[Result "0-1"]
[WhiteElo "1831"]
[BlackElo "2126"]
[WhiteFideId "23600110"]
[BlackFideId "2256860"]
[WhiteCountry "CPV"]
[BlackCountry "ESP"]
[PlyCount "72"]
[EventDate "2018.??.??"]

1. e4 c6 2. Nf3 d5 3. exd5 cxd5 4. d4 Nf6 5. h3 Nc6 6. Bb5 Qb6 7. Nc3 e6 8. a3
a6 9. Ba4 Bd6 10. Rb1 O-O 11. Bg5 Ne4 12. Nxe4 dxe4 13. Bxc6 bxc6 14. Nh4 f6 15.
Be3 g5 16. Qg4 e5 17. Nf5 exd4 18. Bd2 Bxf5 19. Qxf5 Rae8 20. Kd1 e3 21. Be1 e2+
22. Kc1 Bf4+ 23. Qxf4 gxf4 24. b3 c5 25. Rg1 Rb8 26. g3 f3 27. g4 c4 28. b4 c3
29. g5 fxg5 30. Rxg5+ Kh8 31. h4 Qf6 32. Ra1 Rg8 33. Kb1 Rxg5 34. hxg5 Qxg5 35.
Ka2 Qd5+ 36. Kb1 Rg8 0-1

[Event "Portugal Open 2018"]
[Site "Lisboa POR"]
[Date "2018.02.04"]
[Round "3.68"]
[White "Guerra, Vítor"]
[Black "Ribeiro, Bruno Rafael"]
[Result "1-0"]
[WhiteElo "2113"]
[BlackElo "1831"]
[WhiteFideId "1901095"]
[BlackFideId "1908081"]
[WhiteTitle "NM"]
[WhiteCountry "POR"]
[BlackCountry "POR"]
[PlyCount "87"]
[EventDate "2018.??.??"]

1. d4 d5 2. Nf3 Nf6 3. g3 Bf5 4. Bg2 e6 5. c4 Be7 6. O-O O-O 7. Nc3 h6 8. Ne5 c6
9. f3 Bh7 10. e4 Na6 11. Be3 Rc8 12. Qe2 c5 13. exd5 exd5 14. Bh3 Ra8 15. Rfd1
dxc4 16. d5 Bd3 17. Nxd3 cxd3 18. Rxd3 Ne8 19. Rd2 Nd6 20. Rc1 Re8 21. Ne4 Nxe4
22. fxe4 Bg5 23. Bg2 Bxe3+ 24. Qxe3 Qd6 25. a3 Re5 26. Qc3 Rae8 27. Rf2 R8e7 28.
Rf4 b6 29. Qc4 Nb8 30. Qa4 Nd7 31. b4 Qb8 32. Qb5 Qd6 33. Rc4 Rg5 34. Rc1 Rge5
35. Bh3 g5 36. Qc6 Qxc6 37. dxc6 Nb8 38. Rf6 Kg7 39. Rd6 a6 40. Bd7 Nxc6 41.
Bxc6 f5 42. exf5 Rxf5 43. bxc5 bxc5 44. Rd7 1-0

[Event "Portugal Open 2018"]
[Site "Lisboa POR"]
[Date "2018.02.04"]
[Round "3.69"]
[White "Larsen, Sander"]
[Black "Cruz, Jorge"]
[Result "0-1"]
[WhiteElo "1824"]
[BlackElo "2113"]
[WhiteFideId "227315"]
[BlackFideId "1903977"]
[WhiteCountry "BEL"]
[BlackCountry "POR"]
[PlyCount "114"]
[EventDate "2018.??.??"]

1. d4 Nf6 2. Nf3 b6 3. Bf4 Bb7 4. e3 g6 5. h3 Bg7 6. Be2 O-O 7. O-O c5 8. c3 d6
9. a4 a6 10. Na3 Nbd7 11. Bh2 Ra7 12. Nc4 Bc6 13. Nfd2 Qa8 14. Bf3 Rc8 15. Qb3
Rb8 16. Bxc6 Qxc6 17. Rfe1 Raa8 18. Ra2 b5 19. axb5 axb5 20. Rxa8 Qxa8 21. Nxd6
exd6 22. Bxd6 c4 23. Qa3 Bf8 24. Bxf8 Rxf8 25. Ra1 Nb6 26. Qa6 Nfd5 27. Ra5 Qxa6
28. Rxa6 Ra8 29. Rxa8+ Nxa8 30. e4 Nf4 31. Kf1 Nb6 32. Nb1 Na4 33. Na3 Nxb2 34.
Nxb5 Kf8 35. g3 Nxh3 36. f4 g5 37. Kg2 g4 38. Nd6 Nd1 39. Nxc4 Nxc3 40. Ne3 h5
41. e5 Ne4 42. Nf5 Nhf2 43. d5 Nd3 44. e6 fxe6 45. dxe6 Nf6 46. Kf1 Nc5 47. Nd4
Ke7 48. f5 Nce4 49. Kg2 Nd5 50. Kh2 Kf6 51. Kg2 Ne3+ 52. Kh2 Nxf5 53. Ne2 Ng7
54. Nf4 Ng5 55. Kg2 N5xe6 56. Ne2 Nc5 57. Kf2 Ne4+ 0-1

[Event "Portugal Open 2018"]
[Site "Lisboa POR"]
[Date "2018.02.04"]
[Round "3.70"]
[White "Gavrish, Leonid"]
[Black "Baumgartner, Christopher"]
[Result "1-0"]
[WhiteElo "2110"]
[BlackElo "1809"]
[WhiteFideId "14110040"]
[BlackFideId "2022087"]
[WhiteCountry "UKR"]
[BlackCountry "USA"]
[PlyCount "74"]
[EventDate "2018.??.??"]

1. d4 d5 2. c4 Bf5 3. cxd5 Bxb1 4. Qa4+ c6 5. dxc6 Nxc6 6. Rxb1 Qxd4 7. Qxd4
Nxd4 8. e3 Nc2+ 9. Kd1 Nb4 10. Bb5+ Nc6 11. Bxc6+ bxc6 12. Nf3 Nf6 13. Ke2 e6
14. Bd2 Be7 15. Rhc1 c5 16. Ne5 O-O 17. f3 Rfc8 18. Nc4 Nd7 19. e4 f6 20. Be3
Nb6 21. b3 Kf7 22. Rb2 Rab8 23. Rbc2 Nd7 24. Rd1 Rc7 25. Bf4 e5 26. Bc1 Ke6 27.
f4 g6 28. fxe5 fxe5 29. Rd5 Rc6 30. Rcd2 Rc7 31. Bb2 Bf6 32. Rd6+ Ke7 33. R2d5
Nb6 34. Nxb6 axb6 35. Rxf6 Kxf6 36. Bxe5+ Ke7 37. Bxc7 Rb7 1-0

[Event "Portugal Open 2018"]
[Site "Lisboa POR"]
[Date "2018.02.04"]
[Round "3.71"]
[White "Cordeiro, João"]
[Black "Leão, Tiago"]
[Result "0-1"]
[WhiteElo "1807"]
[BlackElo "2099"]
[WhiteFideId "1935291"]
[BlackFideId "1925563"]
[WhiteCountry "POR"]
[BlackCountry "POR"]
[PlyCount "78"]
[EventDate "2018.??.??"]

1. e4 c5 2. Nf3 d6 3. d4 cxd4 4. Nxd4 Nf6 5. Nc3 Nc6 6. Be2 e6 7. Be3 a6 8. O-O
Bd7 9. Kh1 Nxd4 10. Qxd4 Bc6 11. f4 Qc7 12. Bf3 e5 13. Qd2 Rc8 14. Rac1 Be7 15.
Nd5 Bxd5 16. exd5 e4 17. Be2 O-O 18. c4 Nd7 19. Bd4 Bf6 20. Bxf6 Nxf6 21. Qe3
Qc5 22. Qxc5 Rxc5 23. Rfe1 Rfc8 24. Rcd1 Ra5 25. a3 b5 26. cxb5 axb5 27. Rc1 Rd8
28. Bd1 b4 29. axb4 Rxd5 30. Bb3 Rb5 31. Rc7 d5 32. Re3 Rxb4 33. h3 h6 34. f5
Rdb8 35. Bd1 Rxb2 36. Rec3 d4 37. Rc8+ Rxc8 38. Rxc8+ Kh7 39. Rd8 e3 0-1

[Event "Portugal Open 2018"]
[Site "Lisboa POR"]
[Date "2018.02.04"]
[Round "3.72"]
[White "Zemlickova, Olena"]
[Black "Guerreiro, Paulo"]
[Result "1-0"]
[WhiteElo "2090"]
[BlackElo "1796"]
[WhiteFideId "14105560"]
[BlackFideId "1902105"]
[WhiteTitle "WIM"]
[WhiteCountry "UKR"]
[BlackCountry "POR"]
[PlyCount "61"]
[EventDate "2018.??.??"]

1. d4 d5 2. Nf3 Nf6 3. e3 c6 4. c4 dxc4 5. Bxc4 Bf5 6. Qb3 e6 7. Qxb7 Bd6 8. O-O
O-O 9. Nc3 Qb6 10. Qxb6 axb6 11. Nh4 Bg6 12. Nxg6 hxg6 13. Bd2 Nbd7 14. Rfc1
Rfc8 15. a4 e5 16. dxe5 Nxe5 17. Be2 Bb4 18. Ne4 Bxd2 19. Nxd2 c5 20. f4 Nc6 21.
Bf3 Rab8 22. Nc4 Nb4 23. Rd1 Re8 24. Kf2 Ne4+ 25. Bxe4 Rxe4 26. b3 Re6 27. Rd7
Rbe8 28. Rad1 Na2 29. Rb7 R8e7 30. Rb8+ Kh7 31. Rdd8 1-0

[Event "Portugal Open 2018"]
[Site "Lisboa POR"]
[Date "2018.02.04"]
[Round "3.73"]
[White "Leite, Marta"]
[Black "Martins, André"]
[Result "0-1"]
[WhiteElo "1784"]
[BlackElo "2068"]
[WhiteFideId "1904035"]
[BlackFideId "1924281"]
[WhiteCountry "POR"]
[BlackCountry "POR"]
[PlyCount "94"]
[EventDate "2018.??.??"]

1. e4 c5 2. Nc3 Nc6 3. d3 g6 4. g3 Bg7 5. Bg2 Rb8 6. Nge2 b5 7. Be3 Nd4 8. f4 b4
9. Bxd4 cxd4 10. Nb1 Bb7 11. O-O Nh6 12. h3 f5 13. Nd2 Qb6 14. e5 Bxg2 15. Kxg2
O-O 16. Nf3 d6 17. e6 Rfc8 18. Neg1 Bf6 19. Ng5 Qc6+ 20. N1f3 Qxc2+ 21. Rf2 Qxd1
22. Rxd1 Rc6 23. Rdd2 Rbc8 24. Nh2 Ra6 25. b3 Rc3 26. g4 Bg7 27. Ngf3 fxg4 28.
hxg4 Rac6 29. Nh4 R3c5 30. Kg3 g5 31. fxg5 Rxg5 32. Kf4 Re5 33. g5 Rc8 34. gxh6
Bxh6+ 35. Kg4 Bxd2 36. Rxd2 Rxe6 37. Nf5 Rc1 38. Nxd4 Rg1+ 39. Kf5 Re5+ 40. Kf4
Ree1 41. Ndf3 Rd1 42. Re2 Rg7 43. d4 Kf8 44. Rc2 h6 45. Rc8+ Kf7 46. Rc7 Kg6 47.
Rxa7 e5+ 0-1

[Event "Portugal Open 2018"]
[Site "Lisboa POR"]
[Date "2018.02.04"]
[Round "3.74"]
[White "Ribeiro, José"]
[Black "Pipiras, Filipa"]
[Result "1-0"]
[WhiteElo "2064"]
[BlackElo "1771"]
[WhiteFideId "1901796"]
[BlackFideId "1944894"]
[WhiteCountry "POR"]
[BlackCountry "POR"]
[PlyCount "107"]
[EventDate "2018.??.??"]

1. e4 e5 2. Nf3 Nc6 3. Bb5 a6 4. Bxc6 dxc6 5. d3 f6 6. Be3 Be6 7. Nc3 Qd7 8. a3
c5 9. Qe2 O-O-O 10. b3 g5 11. h4 g4 12. Nd2 h5 13. a4 Nh6 14. a5 Be7 15. Nc4 Nf7
16. O-O-O Qc6 17. Kb2 Nd6 18. Nxd6+ Bxd6 19. f3 gxf3 20. gxf3 Bf8 21. Qf2 Rd4
22. f4 Bh6 23. f5 Bxe3 24. Qxe3 Bf7 25. Rhg1 Rdd8 26. Rg7 Rdf8 27. Rdg1 Qd6 28.
Nd1 Qd4+ 29. c3 Qd6 30. c4 Qd4+ 31. Kc2 Qd6 32. Nc3 c6 33. Na4 Qd4 34. Qxd4 cxd4
35. Kb2 Kc7 36. Nc5 Kc8 37. Ka3 Rh6 38. Kb4 Rhh8 39. Na4 Kc7 40. Kc5 Kb8 41. Kb6
c5 42. Nxc5 Rc8 43. Nxa6+ bxa6 44. Rxf7 Rhd8 45. Rb7+ Ka8 46. Kxa6 Rc6+ 47. Rb6
Rc7 48. Kb5 Rdc8 49. b4 Ka7 50. Rg6 Ka8 51. Rgxf6 Rg7 52. Ra6+ Kb7 53. Rfb6+ Kc7
54. Ra7+ 1-0

[Event "Portugal Open 2018"]
[Site "Lisboa POR"]
[Date "2018.02.04"]
[Round "3.75"]
[White "Pintor, Simão"]
[Black "Silva, Pedro Gil"]
[Result "1/2-1/2"]
[WhiteElo "2060"]
[BlackElo "1766"]
[WhiteFideId "1904787"]
[BlackFideId "1946102"]
[WhiteCountry "POR"]
[BlackCountry "POR"]
[PlyCount "103"]
[EventDate "2018.??.??"]

1. d4 d5 2. c4 dxc4 3. Nf3 Nf6 4. Nc3 a6 5. e3 e6 6. a4 c5 7. Bxc4 Be7 8. O-O
Nc6 9. Qe2 cxd4 10. Rd1 O-O 11. exd4 Nb4 12. Ne4 b6 13. Ne5 Bb7 14. Ng5 Bd5 15.
b3 h6 16. Nh3 b5 17. Bxd5 Nbxd5 18. Bb2 Qb6 19. a5 Qb7 20. Qf3 Rab8 21. Nd3 Rfc8
22. Rac1 b4 23. Nc5 Bxc5 24. dxc5 Qb5 25. Qg3 Nc3 26. Bxc3 bxc3 27. Qxc3 Qxb3
28. Qxb3 Rxb3 29. Nf4 Rb5 30. c6 Nd5 31. Nd3 Rxa5 32. h3 Ra3 33. Rc4 Rc3 34.
Rxc3 Nxc3 35. Ra1 Rxc6 36. Nb4 Rb6 37. Nxa6 Rb1+ 38. Rxb1 Nxb1 39. Kh2 f5 40.
Nc5 Kf7 41. f4 Nd2 42. Kg3 g5 43. Nd3 Ne4+ 44. Kf3 gxf4 45. Kxf4 Kf6 46. g4 Nc3
47. gxf5 exf5 48. Kg3 Ne4+ 49. Kh4 Ng5 50. Kh5 Kg7 51. Nf4 Nxh3 52. Nxh3 1/2-1/2

[Event "Portugal Open 2018"]
[Site "Lisboa POR"]
[Date "2018.02.04"]
[Round "3.76"]
[White "Arroyo Figuero, Fernando"]
[Black "Nikanova, Ekaterina"]
[Result "1/2-1/2"]
[WhiteElo "1783"]
[BlackElo "2048"]
[WhiteFideId "22218769"]
[BlackFideId "13506374"]
[WhiteCountry "ESP"]
[BlackCountry "BLR"]
[PlyCount "147"]
[EventDate "2018.??.??"]

1. e4 c5 2. Nf3 d6 3. d4 cxd4 4. Qxd4 Bd7 5. Bc4 Nc6 6. Qd3 e6 7. Bd2 Nf6 8. O-O
Be7 9. a3 Qc7 10. Nc3 a6 11. Rad1 Ng4 12. Bf4 Nce5 13. Bxe5 Nxe5 14. Nxe5 dxe5
15. Bb3 Rd8 16. Qg3 O-O 17. Rd3 Bc6 18. Rfd1 b5 19. h3 Bb7 20. Rxd8 Rxd8 21.
Rxd8+ Bxd8 22. Qd3 Be7 23. a4 b4 24. Ne2 Qc6 25. Ng3 h6 26. Qc4 Qd7 27. c3 bxc3
28. Qxc3 Qd6 29. Qc4 Qc5 30. Qxc5 Bxc5 31. Bc4 Kf8 32. Kf1 Ke7 33. Ke2 g6 34. f3
Kd6 35. Kd3 Kc6 36. Ne2 Bb4 37. Nc1 Bc8 38. Ne2 f5 39. Ng3 Be1 40. Ne2 Kc5 41.
b3 g5 42. Nc1 h5 43. Ke2 Bc3 44. Kd3 Bb4 45. Ne2 h4 46. Ng1 Kd6 47. Ne2 Bb7 48.
Ng1 Ke7 49. Ne2 Kf6 50. Ng1 Bc8 51. Ne2 g4 52. fxg4 fxg4 53. Ng1 Bc5 54. Ne2
gxh3 55. gxh3 Kg5 56. b4 Bxb4 57. Ke3 Bc5+ 58. Kf3 Bd4 59. Nc1 Bd7 60. Bxa6 Bxa4
61. Bc8 Bd1+ 62. Kg2 Kf4 63. Bxe6 Kxe4 64. Bg4 Ba4 65. Ne2 Ke3 66. Ng1 e4 67.
Ne2 Be5 68. Ng1 Kd2 69. Be2 Bd4 70. Bg4 Bd1 71. Bxd1 Kxd1 72. Nf3 Bf6 73. Kf2
exf3 74. Kxf3 1/2-1/2

[Event "Portugal Open 2018"]
[Site "Lisboa POR"]
[Date "2018.02.04"]
[Round "3.77"]
[White "Pereira, Fernando Melão"]
[Black "Monteiro, Sara"]
[Result "1-0"]
[WhiteElo "2043"]
[BlackElo "1712"]
[WhiteFideId "1900153"]
[BlackFideId "1909860"]
[WhiteTitle "NM"]
[BlackTitle "WCM"]
[WhiteCountry "POR"]
[BlackCountry "POR"]
[PlyCount "105"]
[EventDate "2018.??.??"]

1. d4 Nf6 2. c4 e5 3. dxe5 Ng4 4. Nf3 Nc6 5. Nc3 Ngxe5 6. Nxe5 Nxe5 7. e3 d6 8.
Be2 g6 9. O-O Bg7 10. Qc2 O-O 11. b3 Qh4 12. Bb2 Ng4 13. Bxg4 Bxg4 14. Nd5 c6
15. Bxg7 Kxg7 16. Qc3+ f6 17. Nf4 g5 18. Nd3 c5 19. f3 Be6 20. Nf2 b6 21. Rad1
Rad8 22. Rd2 g4 23. g3 Qh5 24. f4 d5 25. cxd5 Rxd5 26. e4 Rxd2 27. Qxd2 Bc8 28.
Rd1 Qe8 29. Qe2 h5 30. Rd6 Rf7 31. Qd3 Rd7 32. Qd5 Rxd6 33. Qxd6 Qe6 34. Qc7+
Qd7 35. Qxd7+ Bxd7 36. Kf1 Bb5+ 37. Ke1 Kf7 38. Kd2 Ke6 39. Kc3 Be2 40. h3 f5
41. Kd2 Bf1 42. exf5+ Kxf5 43. hxg4+ hxg4 44. Ke3 b5 45. Ne4 c4 46. bxc4 bxc4
47. Nd2 Bd3 48. Kd4 a6 49. a3 a5 50. Kc3 Be2 51. Kd4 a4 52. Nxc4 Bd1 53. Ne3+
1-0

[Event "Portugal Open 2018"]
[Site "Lisboa POR"]
[Date "2018.02.04"]
[Round "3.78"]
[White "Gonçalves, Gabriel"]
[Black "Plasil, Petr"]
[Result "1-0"]
[WhiteElo "1766"]
[BlackElo "2042"]
[WhiteFideId "1945610"]
[BlackFideId "359360"]
[WhiteCountry "POR"]
[BlackCountry "CZE"]
[PlyCount "99"]
[EventDate "2018.??.??"]

1. e4 c5 2. Nf3 Nc6 3. d4 cxd4 4. Nxd4 e5 5. Nb3 Nf6 6. Nc3 Bb4 7. Qd3 O-O 8.
Bd2 Re8 9. Be2 a6 10. O-O Bf8 11. a3 d6 12. Rad1 Be6 13. Bg5 Be7 14. Kh1 Bxb3
15. cxb3 Nd4 16. b4 b5 17. Be3 Ne6 18. Rd2 Qc7 19. h3 Rad8 20. Bd1 Qc4 21. Qxc4
bxc4 22. Ba4 Rf8 23. g3 Rc8 24. Rfd1 h6 25. f3 Ng5 26. Kg2 Ne6 27. b5 axb5 28.
Nxb5 Ra8 29. Bc2 Rfb8 30. a4 Nc5 31. Bxc5 dxc5 32. f4 exf4 33. gxf4 Nh5 34. Kf3
g5 35. Rd7 Bf6 36. e5 Bg7 37. fxg5 Bxe5 38. gxh6 Nf6 39. Rg1+ Kf8 40. Rdd1 Ke8
41. h7 Ke7 42. Rde1 Nd7 43. Bf5 Kf6 44. Bxd7 Rh8 45. Bc6 Rxa4 46. Be4 Bxb2 47.
Rg8 Rxh7 48. Bxh7 Rb4 49. Nc7 Rb3+ 50. Re3 1-0

[Event "Portugal Open 2018"]
[Site "Lisboa POR"]
[Date "2018.02.04"]
[Round "3.79"]
[White "Mendes, Modeste"]
[Black "Barrento, Jorge"]
[Result "0-1"]
[WhiteElo "2039"]
[BlackElo "1700"]
[WhiteFideId "1925920"]
[BlackFideId "1906500"]
[WhiteCountry "POR"]
[BlackCountry "POR"]
[PlyCount "150"]
[EventDate "2018.??.??"]

1. d4 Nf6 2. c4 e5 3. dxe5 Ng4 4. Qd4 d6 5. exd6 Nc6 6. Qe4+ Be6 7. dxc7 Qxc7 8.
e3 Nf6 9. Qc2 Nb4 10. Qa4+ Bd7 11. Qb3 a5 12. a3 a4 13. Qd1 Na6 14. Nf3 Nc5 15.
Nd4 Bd6 16. h3 O-O 17. Nc3 Be5 18. Be2 Bc6 19. Ncb5 Qd7 20. O-O Bxb5 21. Nxb5
Nb3 22. Rb1 Qxd1 23. Rxd1 Rfd8 24. f4 Rxd1+ 25. Bxd1 Bb8 26. Bxb3 axb3 27. Nd4
Ba7 28. Nxb3 Rd8 29. Kf2 Ne4+ 30. Kf3 f5 31. Ke2 Ng3+ 32. Ke1 Rd3 33. Na5 Ne4
34. Ke2 Rd8 35. Ra1 Ng3+ 36. Kf3 Ne4 37. b4 Rd1 38. Bb2 Rd2 39. Rf1 Rxb2 40. c5
Nd2+ 41. Kf2 Nxf1+ 42. Kxf1 Kf7 43. Nxb7 Rb3 44. Ke2 Rxa3 45. Nd6+ Ke6 46. Nb5
Ra2+ 47. Kf3 Kd7 48. g4 fxg4+ 49. hxg4 Bb8 50. Nd4 Ba7 51. f5 Rb2 52. c6+ Kc7
53. Nb5+ Kb6 54. c7 Rc2 55. Nd6 Rxc7 56. e4 Rc3+ 57. Kg2 Bb8 58. Nf7 Rg3+ 59.
Kf2 Rxg4 60. Ke3 h5 61. e5 Bxe5 62. Nxe5 Rxb4 63. f6 gxf6 64. Nd7+ Kc6 65. Nxf6
h4 66. Kf3 Kd6 67. Nh7 Ke5 68. Ng5 Kf5 69. Nh3 Rb3+ 70. Kg2 Ra3 71. Kh2 Ra2+ 72.
Kg1 Kg4 73. Nf2+ Kf3 74. Nd3 Kg3 75. Kf1 h3 0-1